000 00357 a2200157 4500
001 167376
020 _a
040 _cMagnum
100 _aLovisolo, Hugo
240 1 0 _aAtividade fisica, educacao e saude
_lpor
245 1 0 _aAtividade fisica, educacao e saude
362 0 _a1899
440 1 _aSprint
697 _aCIENCIAS MEDICAS SAUDE
942 _cBK
999 _c167376
_d167376